Seguridad nacional y ciudadana (Registro nro. 13754)
[ vista simple ]
| 000 -LEADER | |
|---|---|
| fixed length control field | 00441nam a2200181Ia 4500 |
| 005 - DATE AND TIME OF LATEST TRANSACTION | |
| control field | 20251006225601.0 |
| 008 - FIXED-LENGTH DATA ELEMENTS--GENERAL INFORMATION | |
| fixed length control field | 251006t1999||||xx |||||||||||||| ||und|| |
| 040 ## - CATALOGING SOURCE | |
| Original cataloging agency | CBC |
| 245 ## - TITLE STATEMENT | |
| Title | Seguridad nacional y ciudadana |
| 300 ## - PHYSICAL DESCRIPTION | |
| Extent | p. 57-58 |
| 650 ## - SUBJECT ADDED ENTRY--TOPICAL TERM | |
| Topical term or geographic name entry element | CIUDADANIA |
| 650 ## - SUBJECT ADDED ENTRY--TOPICAL TERM | |
| Topical term or geographic name entry element | FUERZAS ARMADAS |
| 650 ## - SUBJECT ADDED ENTRY--TOPICAL TERM | |
| Topical term or geographic name entry element | SEGURIDAD NACIONAL |
| 651 ## - SUBJECT ADDED ENTRY--GEOGRAPHIC NAME | |
| Geographic name | COLOMBIA |
| 651 ## - SUBJECT ADDED ENTRY--GEOGRAPHIC NAME | |
| Geographic name | VENEZUELA |
| 773 ## - HOST ITEM ENTRY | |
| Main entry heading | Tablero Vol. 23 No. 62 (1999) |
| 942 ## - ADDED ENTRY ELEMENTS (KOHA) | |
| Catalogador | MJCh |
No hay ítems disponibles.